| 000 | 00508nac a22001571u 4500 | ||
|---|---|---|---|
| 020 | _a9953102678 | ||
| 082 |
_a823 _bS5272 |
||
| 090 |
_c327 _d327 |
||
| 100 | _aShakespeare, William | ||
| 245 |
_aRomeo and Juliet/ _bWilliam Shkespeare |
||
| 260 |
_aBeirut _bYork press _c1991 |
||
| 440 | _aYork Classics | ||
| 650 | _aEnglish Fiction | ||
| 942 |
_cBB _k823S5272 |
||
| 999 |
_c327 _d327 |
||